000 00263nam a22001217a 4500
008 170906b xxu||||| |||| 00| 0 eng d
041 _aeng
080 _27TH
_a621
100 _a27
101 _aIM
245 _aMECHANICAL DRAWING
_cFRENCH,T,E
942 _2udc
_cBK
999 _c26400
_d26400